000
00255nam a22001097a 4500
041
_a
ENG
100
_a
Vaughan.C.E
245
_a
Seed Processing And handling
260
_a
Delhi
_b
Seed Technology Laboratory
_c
2005
650
_a
APE
856
_u
APE ( 10 )
999
_c
1797
_d
1797